000 00531nam a2200193Ia 4500
003 OSt
005 20251003144125.0
008 210210b2002 xxu||||| |||| 00| 0 eng d
040 _cAL
041 _aSanskrit
082 _aS891.8K BHAP
100 _aBhat G N Ed
_9241344
245 _aPita putra sambandha
_b: bharatiya drashti
260 _aMangaluru
_bCenter for Inter-disciplinary Studies and Research in Sanskrit
_c2002
300 _a84p
690 _aSanskrit Miscellaneous
_9241345
906 _a065504
942 _2ddc
_cBK
999 _c143013
_d143013